[Event "Olympiad-44"]
[Site "Chennai"]
[Date "2022.08.07"]
[Round "9.3"]
[White "Fawzy, Adham"]
[Black "Makolli, Perparim"]
[Result "1-0"]
[WhiteElo "2471"]
[BlackElo "2247"]
[PlyCount "65"]
[EventDate "2022.07.29"]
[EventType "team-swiss"]
[EventRounds "11"]
[EventCountry "IND"]
[SourceTitle "CBM 210"]
[Source "ChessBase"]
[SourceDate "2022.10.31"]
[SourceVersion "1"]
[SourceVersionDate "2022.10.31"]
[SourceQuality "1"]
[WhiteTeam "Egypt"]
[BlackTeam "Kosovo"]
[WhiteTeamCountry "EGY"]
[BlackTeamCountry "KOS"]

1. e4 c5 2. Nf3 e6 3. d4 cxd4 4. Nxd4 a6 5. Bd3 Nf6 6. 0-0 Qc7 7. Be3 d5 8. Nc3 dxe4 9. Nxe4 Nbd7 10. c4 Nxe4 11. Bxe4 Nf6 12. Bf3 Be7 13. c5 e5 14. Qa4+ Bd7 15. c6 bxc6 16. Nf5 c5 17. Nxg7+ Kf8 18. Bh6 Bxa4 19. Ne6+ Kg8 20. Nxc7 Ra7 21. Rfe1 e4 22. Nd5 Nxd5 23. Rxe4 Bc2 24. Rg4+ Bg6 25. Bxd5 Bf8 26. Be3 Bg7 27. h4 Rd7 28. Bb3 Bxb2 29. Re1 Bc3 30. Rc1 Bb2 31. Rxc5 Kf8 32. h5 Bb1 33. Rc8+ 1-0

[Event "EU-chT 23rd"]
[Site "Terme Catez"]
[Date "2021.11.21"]
[Round "9.3"]
[White "Gretarsson, Helgi Ass"]
[Black "Makolli, Perparim"]
[Result "1-0"]
[WhiteElo "2476"]
[BlackElo "2245"]
[PlyCount "67"]
[EventDate "2021.11.12"]
[EventType "team-swiss"]
[EventRounds "9"]
[EventCountry "SLO"]
[SourceTitle "CBM 205"]
[Source "ChessBase"]
[SourceDate "2021.12.31"]
[SourceVersion "1"]
[SourceVersionDate "2021.12.31"]
[SourceQuality "1"]
[WhiteTeam "Iceland"]
[BlackTeam "Kosovo"]
[WhiteTeamCountry "ISL"]
[BlackTeamCountry "KOS"]

1. c4 c5 2. Nc3 Nf6 3. g3 Nc6 4. Bg2 g6 5. e3 Bg7 6. d4 cxd4 7. exd4 d6 8. Nge2 Bd7 9. h3 Na5 10. b3 Bc6 11. d5 Bd7 12. 0-0 a6 13. Be3 b5 14. cxb5 axb5 15. Nd4 b4 16. Nce2 0-0 17. Qd2 Rb8 18. Rac1 Ne8 19. Rfe1 Nc7 20. Bg5 Re8 21. Nc2 Na6 22. Ned4 Qb6 23. Bxe7 Nc7 24. Qf4 Be5 25. Qh4 Nb5 26. Nxb5 Qxb5 27. Nxb4 f6 28. Rxe5 fxe5 29. Bxd6 Rbc8 30. Rxc8 Bxc8 31. Qf6 Qb6 32. Be4 Nb7 33. Bxg6 Nxd6 34. Bf7+ 1-0

[Event "EU-chT 23rd"]
[Site "Terme Catez"]
[Date "2021.11.18"]
[Round "6.3"]
[White "Blagojevic, Dragisa"]
[Black "Makolli, Perparim"]
[Result "1-0"]
[WhiteElo "2467"]
[BlackElo "2245"]
[PlyCount "121"]
[EventDate "2021.11.12"]
[EventType "team-swiss"]
[EventRounds "9"]
[EventCountry "SLO"]
[SourceTitle "CBM 205"]
[Source "ChessBase"]
[SourceDate "2021.12.31"]
[SourceVersion "1"]
[SourceVersionDate "2021.12.31"]
[SourceQuality "1"]
[WhiteTeam "Montenegro"]
[BlackTeam "Kosovo"]
[WhiteTeamCountry "MNE"]
[BlackTeamCountry "KOS"]

1. d4 c6 2. c4 b5 3. c5 d6 4. cxd6 exd6 5. g3 Nf6 6. Bg2 d5 7. Nf3 Nbd7 8. 0-0 Be7 9. Bg5 0-0 10. Nbd2 a5 11. Nb3 a4 12. Nc1 c5 13. dxc5 Bxc5 14. Nd3 Be7 15. Nd4 Qb6 16. Nf5 Bd6 17. Be3 Qb8 18. Nxd6 Qxd6 19. Bd2 Re8 20. Bb4 Qb8 21. Nf4 Nb6 22. Qd4 Be6 23. Rac1 Qb7 24. Rc5 Nbd7 25. Nxd5 Nxd5 26. Bxd5 Bxd5 27. Rxd5 Nf6 28. Rd6 Re4 29. Rd8+ Rxd8 30. Qxd8+ Re8 31. Qd2 Qd5 32. Qxd5 Nxd5 33. Bc5 Rxe2 34. Rd1 Nf6 35. Rd8+ Re8 36. Rxe8+ Nxe8 37. f3 Nc7 38. a3 Ne6 39. Bb4 f5 40. Kf2 Nd8 41. Ke3 Nc6 42. Bc3 h5 43. g4 hxg4 44. fxg4 fxg4 45. Ke4 Ne7 46. Be1 Kf7 47. Kd4 b4 48. axb4 Ke6 49. Kc5 Kd7 50. Kb5 Nf5 51. Kxa4 Kc6 52. b5+ Kb7 53. Kb4 Nd4 54. Bg3 Ne6 55. Kc4 Ng5 56. Bf4 Ne6 57. Be3 g5 58. Kd3 Nf4+ 59. Ke4 Ne2 60. Bf2 Nc1 61. Kf5 1-0

[Event "EU-Cup 36th"]
[Site "Struga"]
[Date "2021.09.22"]
[Round "5.2"]
[White "Makolli, Perparim"]
[Black "Willson, Ollie"]
[Result "1/2-1/2"]
[WhiteElo "2249"]
[BlackElo "2082"]
[PlyCount "133"]
[EventDate "2021.09.18"]
[EventType "team-swiss"]
[EventRounds "7"]
[EventCountry "MKD"]
[SourceTitle "CBM 204 Extra"]
[Source "ChessBase"]
[SourceDate "2021.11.30"]
[SourceVersion "1"]
[SourceVersionDate "2021.11.30"]
[SourceQuality "1"]
[WhiteTeam "Drejtesia"]
[BlackTeam "Sussex Martlets"]
[WhiteTeamCountry "KOS"]
[BlackTeamCountry "ENG"]

1. e4 c5 2. Nf3 e6 3. d4 cxd4 4. Nxd4 Nc6 5. Nc3 Qc7 6. Be3 a6 7. Bd3 Nf6 8. Nxc6 bxc6 9. f4 d5 10. 0-0 Be7 11. Kh1 c5 12. e5 Nd7 13. Bf2 g6 14. Qe1 Bb7 15. b3 0-0 16. Bh4 Qd8 17. Bxe7 Qxe7 18. Qg3 f6 19. exf6 Qxf6 20. Ne2 Rac8 21. c4 d4 22. Rae1 Rce8 23. Qh3 Qg7 24. Ng3 e5 25. Qh4 exf4 26. Rxe8 Rxe8 27. Qxf4 Qe7 28. Qc7 Ne5 29. Qxe7 Rxe7 30. Be4 Bxe4 31. Nxe4 Nd3 32. Nf6+ Kg7 33. h4 Nb4 34. a3 Nc2 35. Nd5 Re4 36. Nf4 Ne1 37. Rf2 Re3 38. Re2 Rxe2 39. Nxe2 d3 40. Nc3 Nc2 41. Ne4 a5 42. Kg1 Nd4 43. Nd2 Kf6 44. Kf2 Ke5 45. h5 gxh5 46. Ke3 h4 47. Kxd3 h6 48. Ke3 Nc2+ 49. Kd3 Ne1+ 50. Kc3 Nxg2 51. b4 axb4+ 52. axb4 cxb4+ 53. Kxb4 Ne1 54. c5 h3 55. c6 Kd6 56. Kc4 h2 57. Ne4+ Kxc6 58. Nf2 Kd6 59. Kd4 Ke6 60. Ke4 h5 61. Nh1 Kf6 62. Kf4 Nd3+ 63. Kg3 Kg5 64. Kxh2 h4 65. Kg2 Kg4 66. Nf2+ Nxf2 67. Kxf2 1/2-1/2

[Event "Online Olym Div3 C"]
[Site "Chess.com INT"]
[Date "2021.08.29"]
[Round "9.1"]
[White "Jere, Daniel"]
[Black "Makolli, Perparim"]
[Result "1-0"]
[WhiteElo "2371"]
[BlackElo "2249"]
[PlyCount "95"]
[EventDate "2021.08.27"]
[EventType "team-tourn (rapid)"]
[EventRounds "9"]
[EventCountry "USA"]
[SourceTitle "CBM 204 Extra"]
[Source "ChessBase"]
[SourceDate "2021.11.30"]
[SourceVersion "1"]
[SourceVersionDate "2021.11.30"]
[SourceQuality "1"]
[WhiteTeam "Zambia"]
[BlackTeam "Kosovo"]
[WhiteTeamCountry "ZAM"]
[BlackTeamCountry "KOS"]

1. c4 c6 2. g3 b5 3. b3 d5 4. Nf3 e6 5. Bb2 Nf6 6. Bg2 Be7 7. 0-0 0-0 8. Nc3 b4 9. Na4 Nbd7 10. cxd5 cxd5 11. Rc1 Nb6 12. Nc5 Nbd7 13. Nxd7 Bxd7 14. Ne5 Bb5 15. Nc6 Bxc6 16. Rxc6 Qa5 17. Qc2 Qb5 18. d3 a5 19. Rc7 Bd8 20. Rc5 Qb8 21. e4 Bb6 22. Rc6 dxe4 23. dxe4 Qa7 24. e5 Ng4 25. Rc4 Nh6 26. Bxa8 Qxa8 27. Rc1 Qf3 28. Bd4 Bxd4 29. Rxd4 Nf5 30. Rc4 h5 31. Qd1 Qb7 32. Qxh5 Rd8 33. Rc7 Qe4 34. Qxf7+ Kh7 35. Qh5+ Kg8 36. Rc8 Qd5 37. Qg5 Rxc8 38. Rxc8+ Kh7 39. Qh5+ Nh6 40. Rc4 Kg8 41. Qg6 Qd7 42. Qc2 Nf5 43. Rc8+ Kh7 44. g4 Qd4 45. Rc4 Qa1+ 46. Kg2 Qxe5 47. gxf5 exf5 48. Rc5 1-0

[Event "Kosovo-chT"]
[Site "Pristina"]
[Date "2021.05.17"]
[Round "4.1"]
[White "Ermeni, Bekim"]
[Black "Makolli, Perparim"]
[Result "0-1"]
[WhiteElo "2056"]
[BlackElo "2223"]
[PlyCount "128"]
[EventDate "2021.05.15"]
[EventType "team-tourn"]
[EventRounds "7"]
[EventCountry "KOS"]
[SourceTitle "CBM 202 Extra"]
[Source "ChessBase"]
[SourceDate "2021.07.31"]
[SourceVersion "1"]
[SourceVersionDate "2021.07.31"]
[SourceQuality "1"]
[WhiteTeam "Vellaznimi"]
[BlackTeam "Drejtesia"]
[WhiteTeamCountry "KOS"]
[BlackTeamCountry "KOS"]

1. d4 Nf6 2. Nf3 e6 3. g3 c5 4. Bg2 Nc6 5. 0-0 cxd4 6. Nxd4 Qb6 7. c3 d5 8. Nb3 Be7 9. Be3 Qc7 10. Bc5 h5 11. Bxe7 Nxe7 12. N1d2 h4 13. e4 hxg3 14. hxg3 e5 15. Qe2 Bg4 16. Qe3 Be6 17. Rfe1 Nc6 18. Nc5 Bh3 19. exd5 Bxg2 20. Kxg2 Nxd5 21. Qg5 Nce7 22. Ndb3 Qc6 23. f3 f6 24. Qg4 b6 25. Nd3 Rd8 26. Nb4 Nxb4 27. Qxb4 a5 28. Qe4 a4 29. Qxc6+ Nxc6 30. Nd4 Nxd4 31. cxd4 Rxd4 32. Re2 Kd7 33. Rc1 Rc8 34. Rce1 g5 35. Kf2 Ke6 36. Rh1 Rdc4 37. Ke3 Rc2 38. Rhe1 a3 39. bxa3 R2c3+ 40. Kf2 Rxa3 41. f4 Rcc3 42. fxe5 Rf3+ 43. Kg2 Rxg3+ 44. Kh2 f5 45. Rb1 Rge3 46. Rxb6+ Kxe5 47. Reb2 Kf4 48. R6b4+ Re4 49. Rb5 Rf3 50. Rd5 Ra4 51. Kg2 g4 52. Rc5 Raa3 53. Rcc2 Kg5 54. Kh2 Kh4 55. Kg2 f4 56. Kh2 Rh3+ 57. Kg2 Rag3+ 58. Kf1 Rh1+ 59. Kf2 Kh3 60. Ke2 Re3+ 61. Kd2 g3 62. Rb7 Rh2+ 63. Kd1 Rxc2 64. Kxc2 g2 0-1

[Event "Kosovo-chT"]
[Site "Pristina"]
[Date "2021.05.16"]
[Round "3.1"]
[White "Makolli, Perparim"]
[Black "Mehmeti, Shqipdon"]
[Result "1/2-1/2"]
[WhiteElo "2223"]
[BlackElo "2073"]
[PlyCount "71"]
[EventDate "2021.05.15"]
[EventType "team-tourn"]
[EventRounds "7"]
[EventCountry "KOS"]
[SourceTitle "CBM 202 Extra"]
[Source "ChessBase"]
[SourceDate "2021.07.31"]
[SourceVersion "1"]
[SourceVersionDate "2021.07.31"]
[SourceQuality "1"]
[WhiteTeam "Drejtesia"]
[BlackTeam "Hyzri Talla"]
[WhiteTeamCountry "KOS"]
[BlackTeamCountry "KOS"]

1. e4 e5 2. Nf3 Nf6 3. Nxe5 d6 4. Nf3 Nxe4 5. Nc3 Nxc3 6. dxc3 Be7 7. Be3 Be6 8. Qd2 Nd7 9. Nd4 0-0 10. Nxe6 fxe6 11. Be2 Nb6 12. Bg4 Rf6 13. b3 d5 14. Bd4 Rg6 15. Bh5 Rxg2 16. Qe2 Bf6 17. Qxe6+ Kh8 18. Bxf6 Qxf6 19. Qxf6 gxf6 20. h4 Rg7 21. Rd1 Re7+ 22. Kf1 Re5 23. Bg4 a5 24. a4 Rg8 25. Rg1 f5 26. Bf3 Rxg1+ 27. Kxg1 Kg7 28. Kg2 Kf6 29. Kg3 c6 30. Kf4 Re7 31. Rg1 Nd7 32. Rg5 Re5 33. Rg8 Re1 34. Bh5 Re4+ 35. Kg3 f4+ 36. Kg2 1/2-1/2

[Event "EU-chT 22nd"]
[Site "Batumi"]
[Date "2019.10.31"]
[Round "7.2"]
[White "Ashiku, Franc"]
[Black "Makolli, Perparim"]
[Result "1-0"]
[WhiteElo "2424"]
[BlackElo "2241"]
[PlyCount "95"]
[EventDate "2019.10.24"]
[EventType "team-swiss"]
[EventRounds "9"]
[EventCountry "GEO"]
[SourceTitle "CBM 193"]
[Source "ChessBase"]
[SourceDate "2019.12.31"]
[SourceVersion "1"]
[SourceVersionDate "2019.12.31"]
[SourceQuality "1"]
[WhiteTeam "Albania"]
[BlackTeam "Kosovo"]
[WhiteTeamCountry "ALB"]
[BlackTeamCountry "KOS"]

1. c4 e6 2. Nf3 Nf6 3. g3 d5 4. Bg2 Be7 5. 0-0 0-0 6. d3 c5 7. e3 Nc6 8. Nc3 a6 9. Qe2 Rb8 10. b3 b5 11. Bb2 Qb6 12. Rac1 Bb7 13. Rfd1 Rfd8 14. Ba1 Rbc8 15. h3 d4 16. exd4 Nxd4 17. Nxd4 cxd4 18. Ne4 Nxe4 19. Bxe4 Bxe4 20. Qxe4 b4 21. Re1 Bf6 22. Bb2 a5 23. Rb1 Ra8 24. a4 bxa3 25. Bxa3 Qc7 26. Bc1 Be7 27. Bf4 Bd6 28. Be5 Bxe5 29. Qxe5 Qxe5 30. Rxe5 g6 31. Ra1 Rdb8 32. Ra3 Rb4 33. Kg2 Rab8 34. Kf3 Rxb3 35. Rexa5 Rb2 36. Ra8 Rxa8 37. Rxa8+ Kg7 38. Rd8 e5 39. Ke4 Re2+ 40. Kd5 f6 41. c5 Rc2 42. f3 f5 43. Re8 Rc3 44. c6 Kf7 45. Rxe5 Rxd3 46. c7 Rc3 47. Kd6 d3 48. Kd7 1-0

[Event "KOS-chT"]
[Site "Pristina"]
[Date "2019.05.05"]
[Round "7.1"]
[White "Jashari, Ardian"]
[Black "Makolli, Perparim"]
[Result "1-0"]
[WhiteElo "2117"]
[BlackElo "2240"]
[PlyCount "82"]
[EventDate "2019.04.29"]
[EventType "team-tourn"]
[EventRounds "7"]
[EventCountry "KOS"]
[SourceTitle "CBM 190 Extra"]
[Source "ChessBase"]
[SourceDate "2019.07.15"]
[SourceVersion "1"]
[SourceVersionDate "2019.07.15"]
[SourceQuality "1"]
[WhiteTeam "Dardania"]
[BlackTeam "Drejtesia"]
[WhiteTeamCountry "KOS"]
[BlackTeamCountry "KOS"]

1. e4 c5 2. Nf3 Nc6 3. d4 cxd4 4. Nxd4 Qc7 5. Nc3 e6 6. Be3 Nf6 7. Ndb5 Qb8 8. f4 a6 9. e5 axb5 10. exf6 b4 11. Nb5 b6 12. fxg7 Bxg7 13. Nd6+ Ke7 14. Nc4 d5 15. Nxb6 d4 16. Nxc8+ Rxc8 17. Bd2 Qd6 18. Bd3 h5 19. 0-0 f5 20. Qe2 Kd7 21. Rfe1 Rh8 22. Bb5 d3 23. Bxc6+ Kxc6 24. Qf3+ Kc7 25. c3 bxc3 26. bxc3 Ra6 27. Rab1 Rb6 28. Rb3 Rhb8 29. Qxh5 Rxb3 30. axb3 Rxb3 31. Qf7+ Qd7 32. Qxd7+ Kxd7 33. Re3 e5 34. fxe5 Ke6 35. Rxd3 Bxe5 36. g3 Rb1+ 37. Kg2 Rd1 38. Kf3 Kf7 39. Re3 Bxg3 40. Ke2 Kf6 41. Re5 Bf4 1-0

[Event "KOS-chT"]
[Site "Pristina"]
[Date "2019.05.03"]
[Round "5.1"]
[White "Asllani, Muhamet"]
[Black "Makolli, Perparim"]
[Result "1-0"]
[WhiteElo "2120"]
[BlackElo "2240"]
[PlyCount "73"]
[EventDate "2019.04.29"]
[EventType "team-tourn"]
[EventRounds "7"]
[EventCountry "KOS"]
[SourceTitle "CBM 190 Extra"]
[Source "ChessBase"]
[SourceDate "2019.07.15"]
[SourceVersion "1"]
[SourceVersionDate "2019.07.15"]
[SourceQuality "1"]
[WhiteTeam "Vellaznimi"]
[BlackTeam "Drejtesia"]
[WhiteTeamCountry "KOS"]
[BlackTeamCountry "KOS"]

1. d4 Nf6 2. Nf3 d5 3. g3 e6 4. Bg2 b5 5. 0-0 c5 6. c3 Nbd7 7. a4 Ba6 8. Re1 b4 9. dxc5 Bxc5 10. cxb4 Bxb4 11. Bd2 Rb8 12. Nc3 Bc5 13. Qc2 Qb6 14. Reb1 Bxf2+ 15. Kh1 Qb3 16. Qc1 Bc5 17. Bf4 Rc8 18. Qd2 Qb4 19. e3 0-0 20. a5 Qb7 21. b4 Bxb4 22. Bd6 Bxc3 23. Rxb7 Bxd2 24. Rxa7 Bc3 25. Ra3 Rfe8 26. Rxa6 Ne4 27. Ra2 Bxa5 28. Bf1 Bc7 29. Bb4 Rb8 30. Ba3 Ne5 31. Nd4 Rb1 32. Kg2 Ng4 33. Bd3 Re1 34. Bb4 Nxe3+ 35. Kf3 Nf5 36. Nxf5 exf5 37. Bxe1 1-0

[Event "KOS-chT"]
[Site "Pristina"]
[Date "2019.04.29"]
[Round "1.1"]
[White "Dushi, Burim"]
[Black "Makolli, Perparim"]
[Result "0-1"]
[WhiteElo "2077"]
[BlackElo "2240"]
[PlyCount "62"]
[EventDate "2019.04.29"]
[EventType "team-tourn"]
[EventRounds "7"]
[EventCountry "KOS"]
[SourceTitle "CBM 190 Extra"]
[Source "ChessBase"]
[SourceDate "2019.07.15"]
[SourceVersion "1"]
[SourceVersionDate "2019.07.15"]
[SourceQuality "1"]
[WhiteTeam "Decani"]
[BlackTeam "Drejtesia"]
[WhiteTeamCountry "KOS"]
[BlackTeamCountry "KOS"]

1. e4 c5 2. Nf3 e6 3. d4 cxd4 4. Nxd4 Nc6 5. Nc3 Qc7 6. a3 a6 7. Be2 Nf6 8. g4 Nxd4 9. Qxd4 Bc5 10. Qd3 d5 11. exd5 0-0 12. Bg5 Nxd5 13. Ne4 Ba7 14. c4 f5 15. gxf5 Nf4 16. Qd6 Qa5+ 17. b4 Ng2+ 18. Kd2 Qxf5 19. f3 h6 20. Bxh6 gxh6 21. Qg3+ Kh8 22. Qxg2 Rg8 23. Qf1 Bd4 24. Rd1 Bd7 25. Kc2 Ba4+ 26. Kb1 Bxd1 27. Qxd1 Rad8 28. Qc1 Bg7 29. Rg1 Qe5 30. Rg6 Qa1+ 31. Kc2 Qa2+ 0-1

[Event "Olympiad-43"]
[Site "Batumi"]
[Date "2018.09.30"]
[Round "6.37"]
[White "Shengelia, Davit"]
[Black "Makolli, Perparim"]
[Result "0-1"]
[WhiteElo "2512"]
[BlackElo "2284"]
[PlyCount "60"]
[EventDate "2018.09.24"]
[EventType "team-swiss"]
[EventRounds "11"]
[EventCountry "GEO"]
[SourceTitle "CBM 187"]
[Source "ChessBase"]
[SourceDate "2018.12.11"]
[SourceVersion "1"]
[SourceVersionDate "2018.12.11"]
[SourceQuality "1"]
[WhiteTeam "Austria"]
[BlackTeam "Kosovo"]
[WhiteTeamCountry "AUT"]
[BlackTeamCountry "KOS"]

1. d4 Nf6 2. c4 e6 3. Nc3 d5 4. Nf3 Be7 5. Bg5 Nbd7 6. e3 0-0 7. Qb3 c6 8. Rd1 Nh5 9. Bxe7 Qxe7 10. g4 Nhf6 11. Rg1 dxc4 12. Bxc4 Nd5 13. g5 N5b6 14. Be2 c5 15. Qa3 Nd5 16. Nxd5 exd5 17. Bb5 Qe4 18. Rg3 c4 19. Qd6 Nb6 20. Ne5 Qc2 21. a4 Qxb2 22. Rf3 Qc3+ 23. Kf1 Be6 24. g6 Qc2 25. gxh7+ Kxh7 26. Re1 Kg8 27. Qe7 a6 28. Rg3 axb5 29. e4 Qd2 30. Qf6 Bh3+ 0-1

[Event "KOS-chT"]
[Site "Pristina"]
[Date "2018.05.10"]
[Round "4.1"]
[White "Makolli, Perparim"]
[Black "Aliu, Besnik"]
[Result "0-1"]
[WhiteElo "2283"]
[BlackElo "2095"]
[PlyCount "110"]
[EventDate "2018.05.07"]
[EventType "team-tourn"]
[EventRounds "7"]
[EventCountry "KOS"]
[SourceTitle "EXT 2019"]
[Source "ChessBase"]
[SourceDate "2018.10.10"]
[SourceVersion "1"]
[SourceVersionDate "2018.10.10"]
[SourceQuality "1"]
[WhiteTeam "Drejtesia"]
[BlackTeam "Fushe Kosova"]
[WhiteTeamCountry "KOS"]
[BlackTeamCountry "KOS"]

1. e4 Nf6 2. Nc3 e6 3. d4 d5 4. e5 Nfd7 5. f4 c5 6. Nf3 Nc6 7. Be3 Qb6 8. Na4 Qa5+ 9. c3 c4 10. b4 Qa6 11. Be2 b5 12. Nc5 Qa3 13. Qc1 Qxc1+ 14. Rxc1 a5 15. a3 axb4 16. axb4 Nb6 17. Kd2 Ra2+ 18. Rc2 Ra3 19. Rb1 Bd7 20. Rbb2 Be7 21. Ra2 Rxa2 22. Rxa2 Bxc5 23. dxc5 Na4 24. Bd1 Na7 25. Nd4 Ke7 26. Bf3 Rb8 27. Ra1 Nc6 28. Nxb5 Nxe5 29. Na7 Nxf3+ 30. gxf3 Ra8 31. c6 Rxa7 32. Bxa7 Bxc6 33. Kc2 Bb5 34. Bd4 f6 35. Ra2 Kf7 36. Kd2 Kg6 37. Ke3 Kf5 38. Rc2 g6 39. h4 h6 40. Bc5 e5 41. fxe5 fxe5 42. Bf8 Nxc3 43. Kf2 d4 44. Rxc3 dxc3 45. Bxh6 c2 46. Bc1 e4 47. Ke3 exf3 48. Kxf3 Ke5 49. Ke3 c3 50. Kf3 Kd4 51. Kf4 Kc4 52. Kg5 Be8 53. Kf6 Kxb4 54. Ke7 Bb5 55. Kf7 Bd3 0-1

[Event "KOS-chT"]
[Site "Pristina"]
[Date "2018.05.07"]
[Round "1.4"]
[White "Qorri, Fatmir"]
[Black "Makolli, Perparim"]
[Result "0-1"]
[WhiteElo "2010"]
[BlackElo "2283"]
[PlyCount "62"]
[EventDate "2018.05.07"]
[EventType "team-tourn"]
[EventRounds "7"]
[EventCountry "KOS"]
[SourceTitle "EXT 2019"]
[Source "ChessBase"]
[SourceDate "2018.10.10"]
[SourceVersion "1"]
[SourceVersionDate "2018.10.10"]
[SourceQuality "1"]
[WhiteTeam "Drenasi"]
[BlackTeam "Drejtesia"]
[WhiteTeamCountry "KOS"]
[BlackTeamCountry "KOS"]

1. d4 d5 2. Nf3 Nf6 3. g3 c5 4. c3 Nc6 5. Bg2 Bf5 6. dxc5 e6 7. Nd4 Bxc5 8. 0-0 Be4 9. Nf3 a5 10. a4 Qb6 11. Nbd2 Ng4 12. e3 Rd8 13. Nxe4 dxe4 14. Nd4 f5 15. Qe2 Nce5 16. Rb1 0-0 17. Nb5 Nd3 18. h3 Nge5 19. Kh2 Qc6 20. b3 Rd7 21. Nd4 Qb6 22. Rd1 Nxc1 23. Rbxc1 Nd3 24. Rb1 e5 25. Nc2 Qg6 26. Ne1 Rfd8 27. b4 Bb6 28. f3 exf3 29. Bxf3 e4 30. Bh5 Qg5 31. Nc2 g6 0-1

[Event "Skopje Karposh op"]
[Site "Skopje"]
[Date "2018.03.25"]
[Round "3"]
[White "Kovacevic, Aleksandar"]
[Black "Makolli, Perparim"]
[Result "1-0"]
[WhiteElo "2488"]
[BlackElo "2300"]
[PlyCount "99"]
[EventDate "2018.03.24"]
[EventType "swiss"]
[EventRounds "9"]
[EventCountry "MKD"]
[SourceTitle "CBM 183 Extra"]
[Source "ChessBase"]
[SourceDate "2018.04.19"]
[SourceVersion "1"]
[SourceVersionDate "2018.04.19"]
[SourceQuality "1"]

1. e4 c5 2. Nf3 e6 3. d4 cxd4 4. Nxd4 a6 5. c4 Nf6 6. Nc3 Qc7 7. a3 Be7 8. Be2 b6 9. Be3 Bb7 10. f3 0-0 11. Rc1 Kh8 12. b4 d6 13. 0-0 Rg8 14. Qd2 Nbd7 15. Rfd1 Rgd8 16. Bf1 Rac8 17. Qf2 Qb8 18. Na4 Ba8 19. Nb3 Rc6 20. Rb1 Rdc8 21. Rb2 Bd8 22. Nd4 R6c7 23. Rbd2 Ne8 24. Nb3 b5 25. cxb5 axb5 26. Nb6 Nxb6 27. Bxb6 Rc3 28. Bxd8 Rxb3 29. Bb6 Bc6 30. Rd3 Rxd3 31. Bxd3 Bd7 32. Be3 Qa8 33. Qh4 Qa4 34. Rd2 Nf6 35. e5 dxe5 36. Bxh7 Qxa3 37. Kf2 Rc4 38. g4 Rf4 39. Bxf4 exf4 40. Bd3+ Kg8 41. g5 Qa7+ 42. Kg2 Qe3 43. Qf2 Nd5 44. Be4 Qb3 45. Bxd5 exd5 46. Qd4 Bc6 47. Qxf4 d4 48. Rxd4 Bd5 49. Kg3 Kh7 50. Qf5+ 1-0

[Event "Skopje Karposh op"]
[Site "Skopje"]
[Date "2018.03.24"]
[Round "1"]
[White "Makolli, Perparim"]
[Black "Zlatkov, Anton"]
[Result "1-0"]
[WhiteElo "2300"]
[BlackElo "1652"]
[PlyCount "57"]
[EventDate "2018.03.24"]
[EventType "swiss"]
[EventRounds "9"]
[EventCountry "MKD"]
[SourceTitle "CBM 183 Extra"]
[Source "ChessBase"]
[SourceDate "2018.04.19"]
[SourceVersion "1"]
[SourceVersionDate "2018.04.19"]
[SourceQuality "1"]

1. e4 c5 2. Nf3 d6 3. d4 cxd4 4. Nxd4 Nf6 5. Nc3 g6 6. Bg5 Bg7 7. Qd2 0-0 8. 0-0-0 Bd7 9. h4 Qa5 10. Kb1 Rc8 11. Nb3 Qc7 12. Bxf6 Bxf6 13. Nd5 Qc6 14. Na5 Qa4 15. Nxf6+ exf6 16. Nc4 Na6 17. b3 Qc6 18. Qxd6 Rd8 19. Qe7 Nc5 20. Nd6 Be6 21. Bb5 Qb6 22. Be8 Rxe8 23. Nxe8 Nxe4 24. Nxf6+ Nxf6 25. Qxf6 Rc8 26. Rd2 Qc7 27. Rhd1 Bd5 28. Rxd5 Qxc2+ 29. Ka1 1-0

[Event "EU-chT (Men) 21st"]
[Site "Heraklion"]
[Date "2017.11.01"]
[Round "5.2"]
[White "Makolli, Perparim"]
[Black "Fernandes, Antonio ETG"]
[Result "1-0"]
[WhiteElo "2333"]
[BlackElo "2442"]
[PlyCount "49"]
[EventDate "2017.10.28"]
[EventType "team-swiss"]
[EventRounds "9"]
[EventCountry "GRE"]
[SourceTitle "CBM 182"]
[Source "ChessBase"]
[SourceDate "2018.01.17"]
[SourceVersion "1"]
[SourceVersionDate "2018.01.17"]
[SourceQuality "1"]
[WhiteTeam "Kosovo"]
[BlackTeam "Portugal"]
[WhiteTeamCountry "KOS"]
[BlackTeamCountry "POR"]

1. e4 c5 2. Nf3 d6 3. d4 cxd4 4. Nxd4 Nf6 5. Nc3 a6 6. Bg5 e6 7. Qd2 Be7 8. 0-0-0 b5 9. f3 b4 10. Nce2 Qb6 11. Be3 Qb7 12. g4 d5 13. g5 Nh5 14. exd5 Qxd5 15. c4 Qxc4+ 16. Kb1 Qd5 17. Ng3 Nxg3 18. hxg3 e5 19. Bc4 Qd8 20. g6 fxg6 21. Qc2 exd4 22. Rxh7 Bf5 23. Rxh8+ Bf8 24. Bd3 Qd5 25. Be4 1-0

[Event "EU-chT (Men) 21st"]
[Site "Heraklion"]
[Date "2017.10.30"]
[Round "3.2"]
[White "Makolli, Perparim"]
[Black "Pasko, Llambi"]
[Result "1/2-1/2"]
[WhiteElo "2333"]
[BlackElo "2292"]
[PlyCount "92"]
[EventDate "2017.10.28"]
[EventType "team-swiss"]
[EventRounds "9"]
[EventCountry "GRE"]
[SourceTitle "CBM 182"]
[Source "ChessBase"]
[SourceDate "2018.01.17"]
[SourceVersion "1"]
[SourceVersionDate "2018.01.17"]
[SourceQuality "1"]
[WhiteTeam "Kosovo"]
[BlackTeam "Albania"]
[WhiteTeamCountry "KOS"]
[BlackTeamCountry "ALB"]

1. e4 c6 2. d4 d5 3. exd5 cxd5 4. c4 Nf6 5. Nc3 g6 6. cxd5 Bg7 7. Bb5+ Bd7 8. Bc4 0-0 9. Nf3 Bf5 10. 0-0 Nbd7 11. Nh4 Bg4 12. Qb3 Nb6 13. h3 Bd7 14. Nf3 Bf5 15. Re1 Rc8 16. Ne5 Nxc4 17. Nxc4 Nxd5 18. Ne3 Nxe3 19. Bxe3 Qd7 20. Rad1 h5 21. d5 a6 22. Bd4 Rfe8 23. Bxg7 Kxg7 24. Re3 b5 25. Rde1 Qd6 26. Ne4 Bxe4 27. Rxe4 Rc5 28. Re5 f6 29. Re6 Qxd5 30. Rxe7+ Rxe7 31. Rxe7+ Kf8 32. Qxd5 Rxd5 33. Re6 Kf7 34. Rxa6 Rd1+ 35. Kh2 Rd2 36. f3 Rxb2 37. a4 bxa4 38. Rxa4 g5 39. h4 Kg6 40. hxg5 fxg5 41. Ra6+ Kf5 42. Ra5+ Kg6 43. Ra6+ Kf5 44. Ra5+ Kg6 45. Ra6+ Kf5 46. Ra5+ Kg6 1/2-1/2